Statistics for General Knowledge Quiz #102

Click here to take the quiz!

General Stats

  • This quiz has been taken 71,063 times
    (43,024 since last reset)
  • The average score is 11 of 20

Answer Stats

QuestionAnswer% Correct
What mythical bird rises from its own ashes?Phoenix
96%
What movie is about sisters named Anna and Elsa?Frozen
84%
In what country would you find the cities of Cairo, Oxford, Berlin, and Athens?United States
79%
In the year 1800, what was the Earth's largest undiscovered landmass?Antarctica
71%
What country did Vasco da Gama depart from when he sailed to India in 1497?Portugal
70%
What green stone was prized in ancient China, and used to make burial suits for royalty?Jade
64%
What Greek god was the equivalent of the Roman god Neptune?Poseidon
64%
In what city would you find Copacabana beach?Rio de Janeiro
64%
What Paris cabaret was famous for the can-can dance, and was the subject
of a 2001 movie starring Nicole Kidman?
Moulin Rouge
63%
What was the name of the comic strip that featured Charlie Brown and Snoopy?Peanuts
63%
What iconic album cover featured the four band members walking across a street in single file?Abbey Road
58%
What province nearly voted to declare independence from Canada in 1995?Quebec
58%
If I drive from Toulouse to Zaragoza, what mountain range will I likely cross?Pyrenees
51%
What city was once the 4th largest in the United States, before losing over half its population?Detroit or St. Louis
47%
What "hunchbacked" English king's remains were discovered in 2012?Richard III
38%
What island chain at the tip of South America can be translated as "Land of Fire"?Tierra del Fuego
37%
What is a common word that means "pedagogue"?Teacher
36%
In the book "Great Expectations", what did Miss Havisham wear every day?{Wedding} dress
36%
What gift will one supposedly receive if they kiss the Blarney Stone?Gift of the {Gab}
35%
What elite scholarship is given to foreign students for post-graduate study at Oxford?Rhodes Scholarship
29%

Score Distribution

Percentile by Number Answered

Percent of People with Each Score

Your Score History

You have not taken this quiz since the last reset